1260 1673 1109 1460 1938 1415 1717 1741 1980 1586 1572 1034 1472 1436 1319 1837 1469 1359 1511 1446 1925 1618 1181 1176 1672 1670 1339 1295 1973 1167 1994 1872 1513 1041 1050 1474 1347 1616 1451 1690 1555 1366 1063 1705 1393 1328 1877 1849 1432 1414 1377 1457 1980 1253 1865 1553 1302 1314 1581 1403 1893 1360 1932 1158 1099 1846 1459 1200 1376 1869 1397 1661 1340 1065 1996 1895 1200 1656 1465 1496 1386 1041 1645 1283 1696 1262 1572 1793 1899 1833 1327 1782 1984 1660 1252 1013 1497 1483 1296 BCNSPRNW ULIB Ver.6.0+V

เปลี่ยนเป็นภาษาไทย

Change to English
 แสดงรายละเอียดบรรณานุกรม
  กลับหน้าหลัก

Brief Record : Get Marc (ISO 2709) : E-mail record : QR code < ปิดหน้าต่าง
LEADER : 00000nam 2200000uu 4500
001    13399112206
003     ULIB
008    110801s2554||||th 000 0 tha d
020    9786160603510
090    นว.^bอ525ป 2554
100 0  อัญชรีย์
245 00 ปรายใจ/^cอัญชรีย์
250    พิมพ์ครั้งที่ 4
260    กรุงเทพฯ:^bแจ่มใส, 2554
300    416 หน้า
945    ^p249^l0^i18461
995    เกษร
999 ^a ใช้งานได้ทุกระบบ
รายการนี้ยังไม่มีแท็ก
คุณยังไม่ได้ล็อกอิน คุณสามารถมีกิจกรรมร่วมกับเว็บไซต์ได้ แต่ต้องล็อกอินก่อน ::
  ล็อกอิน

รายการสื่อสารสนเทศ

ลำดับที่ ประเภท เลขเรียก/บาร์โค้ด สถานที่ สถานะ
1. วิทยาศาสตร์การแพทย์ และสุขภาพ
วิทยาศาสตร์การแพทย์ และสุขภาพ
นว. อ525ป 2554  
  Barcode: 18461
ห้องสมุดวิทยาเขตสวรรค์ประชารักษ์
►นวนิยาย
บนชั้น
  ขอยืม

รายการใกล้เคียง
    ผู้แต่ง [อัญชรีย์]

BibComment


ยังไม่เคยถูกคอมเมนท์

คอมเมนท์ทรัพยากรรายการนี้
  คอมเมนท์: ปรายใจ อัญชรีย์


 Copyright 2026. Bcnsprnw @Library